(Journal) ICSSR newsletter (Record no. 1513)

MARC details
000 -LEADER
fixed length control field 00396nam a22001457a 4500
005 - DATE AND TIME OF LATEST TRANSACTION
control field 20150928140111.0
008 - FIXED-LENGTH DATA ELEMENTS--GENERAL INFORMATION
fixed length control field 090714t xxu||||| |||| 00| 0 eng d
080 ## - UNIVERSAL DECIMAL CLASSIFICATION NUMBER
Universal Decimal Classification number 301(05)
Item number ICS.15
110 ## - MAIN ENTRY--CORPORATE NAME
Corporate name or jurisdiction name as entry element Indian Council of social science research
245 ## - TITLE STATEMENT
Title (Journal) ICSSR newsletter
260 ## - PUBLICATION, DISTRIBUTION, ETC. (IMPRINT)
Place of publication, distribution, etc New delhi
Name of publisher, distributor, etc ICSSR
Date of publication, distribution, etc 1969
490 ## - SERIES STATEMENT
Volume number/sequential designation vol.1,no.1
500 ## - GENERAL NOTE
General note Lib.has v.15(1984-85)
942 ## - ADDED ENTRY ELEMENTS (KOHA)
item type Bound Volumes
Holdings
Lost status Source of classification or shelving scheme Not for loan Home library Current library Shelving location Date acquired Total Checkouts Full call number Barcode Date last seen Price effective from Koha item type
  Universal Decimal Classification   University Library University Library Reference 14/07/2009   301(05) ICS.15 00032248 14/07/2009 14/07/2009 Bound Volumes
University Library, CUSAT